00483nam a22001577a 450000500170000000800410001702000280005804100130008608200150009910000270011424500500014125000200019126000560021130000330026765000250030020231108064038.0231108b |||||||| |||| 00| 0 eng d a0409053120 ; 0409053139 aEnglish  a346.4 SIL  aSchoeman, J lEnglish  aSilberg and Schoeman : The Law of Property /  aSecond Edition  aDurban : bButterworth Publishers (Pty) Ltd, c1983 bxvi, 574 pages ; c22,3 cm.  aLegal practice bLaw